| 000 | 00982nam a2200265 c 4500 | ||
|---|---|---|---|
| 005 | 20210214100435.0 | ||
| 008 | 120830s2006 ncua|||gr|||| 00| 0 eng d | ||
| 020 | _a9780822336853 | ||
| 020 | _a9780822336723 | ||
| 040 |
_aCO-BoUCM _bspa _cDeissy Garcia _dDeissy Garcia |
||
| 041 | 0 | _aeng | |
| 245 | 0 | 0 |
_aReimagining political ecology _cedición Aletta Biersack, James B. Greenberg |
| 260 |
_aDurham (Carolina del Norte) _bDuke University Press _c2006 |
||
| 300 |
_ax, 419 páginas _bilustraciones |
||
| 490 | 0 | _aNew ecologies for the twenty-first century | |
| 504 | _aIncluye referencias bibliográficas e índices | ||
| 650 | 7 |
_913648 _aEcología política |
|
| 650 | 7 |
_913643 _aEcología humana |
|
| 650 | 7 |
_913649 _aEcología social |
|
| 650 | 7 |
_99204 _aAntropología social |
|
| 700 | 1 |
_9102146 _aBiersack, Aletta _eeditor |
|
| 700 | 1 |
_9102344 _aGreenberg, James B. _eeditor |
|
| 942 |
_cLIBRO _2DEWEY _a5 _e1 _h304.2 _mR363 _n0 |
||
| 999 |
_c318485 _d318485 |
||